000 00769nam a2200205 i 4500
001 110811
003 ES-MaACL
007 t|
008 070129s1943 sp ||||1| spa d
080 _a34(37)(09)
100 1 _aArangio-Ruiz, Vincenzo.
_922300
245 1 0 _aHistoria del Derecho romano /
_cVicente Arangio-Ruíz ; traducción de la 2ª edición italiana, por Francisco de Pelsmaeker e Iváñez.
260 _aMadrid :
_bHijos de Reus,
_c1943.
300 _aXVIII, 527 p. ;
_c23 cm.
490 1 _aBiblioteca jurídica de autores españoles y extranjeros ;
_v193
700 1 _aPelsmaeker e Ivañez, Francisco.
_9185666
830 0 _aBiblioteca jurídica de autores españoles y extranjeros ;
_v193
_9182228
852 _aES-MaACL
_jE-3157
999 _c110811
_d110811